Diseño de sistemas de absorción con drenaje
Furkejuvvon:
| Váldodahkki: | |
|---|---|
| Materiálatiipa: | Girji |
| Almmustuhtton: |
San José, Costa Rica
1991
|
| Fáttát: | |
| Fáddágilkorat: |
Lasit fáddágilkoriid
Eai fáddágilkorat, Lasit vuosttaš fáddágilkora!
|
MARC
| LEADER | 00000nam a2200000Ia 4500 | ||
|---|---|---|---|
| 003 | 005359 | ||
| 005 | 20221231144324.0 | ||
| 008 | 140114s1991 cr a m 000 ||s d | ||
| 040 | |c cru CEDI | ||
| 090 | |a TFG 2556 | ||
| 100 | |a Ramírez Fernández, Gerardo |9 12516 | ||
| 245 | |a Diseño de sistemas de absorción con drenaje | ||
| 260 | |c 1991 |a San José, Costa Rica | ||
| 300 | |a [91] hojas : ilustraciones ; 27 cm. | ||
| 500 | |a Tesis (licenciatura en ingeniería civil)--Universidad de Costa Rica. Facultad de Ingeniería. Escuela de Ingeniería Civil | ||
| 650 | |x MECANICA DE SUELOS |x PERMEABILIDAD DE SUELOS |9 12517 | ||
| 942 | |c TFG | ||
| 999 | |c 20136 |d 20136 | ||
